<?xml version="1.0" encoding="UTF-8"?>
<record
    xmlns:xsi="http://www.w3.org/2001/XMLSchema-instance"
    xsi:schemaLocation="http://www.loc.gov/MARC21/slim http://www.loc.gov/standards/marcxml/schema/MARC21slim.xsd"
    xmlns="http://www.loc.gov/MARC21/slim">

  <leader>01848nam a2200337 a 4500</leader>
  <controlfield tag="001">BRCA_4911</controlfield>
  <controlfield tag="005">20190320204845.0</controlfield>
  <controlfield tag="008">201010s1819----mx-####f#v---#000-0#spa-#</controlfield>
  <datafield tag="041" ind1=" " ind2=" ">
    <subfield code="a">spa</subfield>
  </datafield>
  <datafield tag="044" ind1=" " ind2=" ">
    <subfield code="a">mx</subfield>
  </datafield>
  <datafield tag="084" ind1=" " ind2=" ">
    <subfield code="a">DOC11</subfield>
    <subfield code="b">.B87</subfield>
    <subfield code="c">1819</subfield>
  </datafield>
  <datafield tag="100" ind1="1" ind2=" ">
    <subfield code="a">Bustamante, Carlos Mar&#xED;a de</subfield>
    <subfield code="d">1774-1848</subfield>
    <subfield code="9">555</subfield>
  </datafield>
  <datafield tag="245" ind1="1" ind2="0">
    <subfield code="a">Documento firmado el 11 de marzo de 1819</subfield>
    <subfield code="c">Carlos Mar&#xED;a de Bustamante ... [et al.].</subfield>
  </datafield>
  <datafield tag="260" ind1=" " ind2=" ">
    <subfield code="a">M&#xE9;xico</subfield>
    <subfield code="c">1819</subfield>
  </datafield>
  <datafield tag="300" ind1=" " ind2=" ">
    <subfield code="a">[6] fojas</subfield>
    <subfield code="c">31 x 21 cm</subfield>
  </datafield>
  <datafield tag="500" ind1=" " ind2=" ">
    <subfield code="a">Documento firmado el 11 de marzo de 1819</subfield>
  </datafield>
  <datafield tag="500" ind1=" " ind2=" ">
    <subfield code="a">Documento firmado por los Se&#xF1;ores Ya&#xF1;ez, Mansilla, Medina, Os&#xE9;s, Torres y Francisco Calder&#xF3;n. Contiene el pedimento fiscal del crimen en la causa de Don Carlos Mar&#xED;a de Bustamante para que se traslade a los presidios de &#xC1;frica en virtud de que el indultado Bustamante, a intentado fugarse de Veracruz en un barco extranjero rumbo a los Estados Unidos, y que a pesar de no habersele reducido la prisi&#xF3;n como se hab&#xED;a hecho con los G&#xF3;mez, los Teranes, los Coses, los Quintana y otros prisioneros, hab&#xED;a dado muestra evidentes de seguir abrazando la causa de independencia</subfield>
  </datafield>
  <datafield tag="500" ind1=" " ind2=" ">
    <subfield code="a">El documento tiene la leyenda DOC. #20</subfield>
  </datafield>
  <datafield tag="500" ind1=" " ind2=" ">
    <subfield code="a">Estado de conservaci&#xF3;n: Contiene la &#xFA;ltima foja esta desprendida y tiene anotaciones con tinta roja</subfield>
  </datafield>
  <datafield tag="506" ind1="0" ind2=" ">
    <subfield code="a">Fondo reservado: para su consulta es necesario credencial de usuario y carta de motivos</subfield>
  </datafield>
  <datafield tag="546" ind1=" " ind2=" ">
    <subfield code="a">Texto en: espa&#xF1;ol a principios del siglo XIX</subfield>
  </datafield>
  <datafield tag="600" ind1="1" ind2="4">
    <subfield code="a">Bustamantes, Carlos Mar&#xED;a de</subfield>
    <subfield code="c">Cronista</subfield>
    <subfield code="d">1774-1848</subfield>
    <subfield code="9">12431</subfield>
  </datafield>
  <datafield tag="651" ind1=" " ind2="4">
    <subfield code="a">M&#xE9;xico</subfield>
    <subfield code="v">Manuscrito</subfield>
    <subfield code="x">Historia</subfield>
    <subfield code="y">Guerra de Independencia, 1810-1821</subfield>
    <subfield code="9">12432</subfield>
  </datafield>
  <datafield tag="700" ind1="1" ind2=" ">
    <subfield code="a">Ya&#xF1;ez</subfield>
    <subfield code="c">Se&#xF1;or</subfield>
    <subfield code="9">12433</subfield>
  </datafield>
  <datafield tag="700" ind1="1" ind2=" ">
    <subfield code="a">Mansilla</subfield>
    <subfield code="c">Se&#xF1;or</subfield>
    <subfield code="9">12434</subfield>
  </datafield>
  <datafield tag="700" ind1="1" ind2=" ">
    <subfield code="a">Medina</subfield>
    <subfield code="c">Se&#xF1;or</subfield>
    <subfield code="9">12435</subfield>
  </datafield>
  <datafield tag="700" ind1="1" ind2=" ">
    <subfield code="a">Os&#xE9;s</subfield>
    <subfield code="c">Se&#xF1;or</subfield>
    <subfield code="9">12436</subfield>
  </datafield>
  <datafield tag="700" ind1="1" ind2=" ">
    <subfield code="a">Torres</subfield>
    <subfield code="c">Se&#xF1;or</subfield>
    <subfield code="9">12437</subfield>
  </datafield>
  <datafield tag="902" ind1=" " ind2=" ">
    <subfield code="a">FDH</subfield>
  </datafield>
  <datafield tag="942" ind1=" " ind2=" ">
    <subfield code="2">lcc</subfield>
    <subfield code="c">D</subfield>
  </datafield>
  <datafield tag="999" ind1=" " ind2=" ">
    <subfield code="c">4605</subfield>
    <subfield code="d">4605</subfield>
  </datafield>
  <datafield tag="952" ind1=" " ind2=" ">
    <subfield code="0">0</subfield>
    <subfield code="1">0</subfield>
    <subfield code="4">0</subfield>
    <subfield code="7">0</subfield>
    <subfield code="a">BRCA</subfield>
    <subfield code="b">BRCA</subfield>
    <subfield code="d">2010-10-20</subfield>
    <subfield code="l">0</subfield>
    <subfield code="o">DOC11 .B87 1819</subfield>
    <subfield code="p">4972</subfield>
    <subfield code="r">2019-03-22 00:00:00</subfield>
    <subfield code="w">2019-03-22</subfield>
    <subfield code="y">D</subfield>
  </datafield>
</record>
